1119 1202 1315 1357 1873 1589 1886 1985 1130 1840 1949 1144 1087 1598 1901 1394 1547 1739 1872 1958 1340 1041 1874 1819 1218 1828 1187 1484 1358 1509 1710 1278 1499 1117 1113 1115 1621 1680 1181 1500 1155 1566 1299 1618 1132 1917 1030 1098 1213 1901 1291 1781 1171 1407 1959 1752 1234 1457 1368 1191 1202 1342 1303 1763 1657 1843 1679 1860 1083 1203 1173 1155 1272 1941 1687 1140 1239 1122 1923 1058 1549 1527 1524 1078 1653 1649 1236 1233 1416 1149 1306 1993 1772 1088 1000 1274 1047 1778 1187 BCNSPRNW ULIB Ver.6.0+V

เปลี่ยนเป็นภาษาไทย

Change to English
 แสดงรายละเอียดบรรณานุกรม
  กลับหน้าหลัก

Brief Record : Get Marc (ISO 2709) : E-mail record : QR code < ปิดหน้าต่าง
LEADER : 00000nam 2200000uu 4500
001    13399119999
003     ULIB
008    120821s2550||||th 000 0 tha d
020    9789740582687
099    นว.^bอ943ร
100 0  Andra
245 00 รักนี้(ไม่)กำมะลอ^cAndra
945    ^p219^l0^i15023
999    ^aใช้งานได้ทุกระบบ
รายการนี้ยังไม่มีแท็ก
คุณยังไม่ได้ล็อกอิน คุณสามารถมีกิจกรรมร่วมกับเว็บไซต์ได้ แต่ต้องล็อกอินก่อน ::
  ล็อกอิน

รายการสื่อสารสนเทศ

ลำดับที่ ประเภท เลขเรียก/บาร์โค้ด สถานที่ สถานะ
1. วิทยาศาสตร์การแพทย์ และสุขภาพ
วิทยาศาสตร์การแพทย์ และสุขภาพ
นว. อ943ร  
  Barcode: 15023
ห้องสมุดวิทยาเขตสวรรค์ประชารักษ์
►นวนิยาย
บนชั้น
  ขอยืม

รายการใกล้เคียง
    ผู้แต่ง [Andra]

BibComment


ยังไม่เคยถูกคอมเมนท์

คอมเมนท์ทรัพยากรรายการนี้
  คอมเมนท์: รักนี้ไม่กำมะลอ A..


 Copyright 2026. Bcnsprnw @Library